000 00912nam a2200205Ia 4500
001 14634
003 GE_BSU
008 181216s||||||||xx |||||||||||||| ||und||
040 _cGE_BSU
080 _a821.353.1-1+821.353.1-32+821.161.1-1
100 _aორბელიანი,გრიგოლ
245 _aსაღამო გამოსალმებისა: თხზულებანი
245 _cრედ.ს.ნარიმანიძე. აკ. გაწერელიას და ჯუმბერ ჭუმბურიძის რედ. შესავ. წერილებით. შენიშვნ. და კომენტ.
260 _aთბილისი
260 _bმერანი
260 _c1989
300 _a493გვ.21სმ.
653 _aსაღამო გამოსალმებისა: თხზულებანი
942 _cBK
999 _c47762
_d47762